Statistics for Languages of Africa

Click here to take the quiz!

General Stats

  • This quiz has been taken 137 times
  • The average score is 11 of 15

Answer Stats

CountriesAnswer% Correct
Egypt,Libya,Chad,Sudan,Eritrea,Somalia,Djibouti,Tunisia,Algeria,Morocco,MauritaniaArabic
93%
Uganda,Kenya,Rwanda,Burundi,TanzaniaSwahili
93%
Mali,Senegal,Algeria,Chad,Cameroon,Gabon,Congo,Guinea,Ivory Coast,C.A.R,Burkina Faso,French
92%
South AfricaEnglish
90%
Equatorial GuineaSpanish
88%
South AfricaAfrikaans
86%
South AfricaZulu
86%
Angola,Mozambique,Cape Verde,Guinea-BissauPortuguese
85%
EthiopiaAmharic
75%
NigeriaIgbo
72%
MadagascarMalagasy
72%
Nigeria,Togo,Benin,Ghana,Sierra LeoneYoruba
59%
Niger,NigeriaHausa
54%
EthiopiaOromo
45%
ZimbabweShona
40%

Score Distribution

Percentile by Number Answered

Percent of People with Each Score

Your Score History

You have not taken this quiz